00481nam a2200169 a 450000100100000000500170001000800410002704000250006808200250009310000300011824500350014825000110018326000460019430000170024065000210025765000330027800001858620200929165828.0100116s1963 ag 000 p spa d aDO-SdBNPbspacBNPHU aCh861.4bN454c, 19631 aNeruda, Pablo,d1904-197310aCanto general /cPablo Neruda. a2a ed. aBuenos Aires, Argentina :bLosada,c1963. av. ;c18 cm. 4aPoesía chilena 4aLiteratura chilenaySIGLO XX